000 00609nam a22002177a 4500
003 BCEG
005 20260114170625.0
008 260114s2009 mx a||||||||||||||| spa|d
020 _a9786704292312
040 _aBCEG
_bspa
_cBCEG
082 0 4 _a332.024
_bB732c
100 1 _aBorghino, Mario.
245 1 0 _aCómo salir del hoyo
_b: estrategias para superar la crisis.
260 _aMéxico :
_bGrijalgo : Random House Mondadori,
_c2009.
300 _a156 p. :
_bil.
541 _aDonación.
650 1 4 _aFinanzas personales.
650 1 4 _aCrisis financiera.
700 1 _aLeyva, Hugo,
_eil.
942 _cBK
999 _c437004
_d437004